000 00651nam a2200265Ia 4500
003 OSt
005 20231030092741.0
008 210210b1918 xxu||||| |||| 00| 0 eng d
040 _cAL
041 _aeng
082 _a514/57
100 _aKAR (J M)
_9139848
245 _aNew analytical geometry of the conic sections
260 _aCalcutta
_b-
_c1918
650 _athe
_9139849
650 _asections
_9139850
650 _aof
_9139851
650 _aNew
_9139852
650 _ageometry
_9139853
650 _aconic
_9139854
650 _aanalytical
_9139855
690 _aAnalytical Geometry
_9139856
906 _a007503
942 _2ddc
_cBK
999 _c140031
_d140031